The Economiy of Communist China
Đã lưu trong:
| 主要作者: | |
|---|---|
| 格式: | 图书 |
| 语言: | Undetermined |
| 出版: |
London
Pall Mall Press
1965
|
| 主题: | |
| 标签: |
添加标签
没有标签, 成为第一个标记此记录!
|
| Thư viện lưu trữ: | Trung tâm Học liệu Trường Đại học Cần Thơ |
|---|
| LEADER | 00475nam a2200181Ia 4500 | ||
|---|---|---|---|
| 001 | CTU_92566 | ||
| 008 | 210402s9999 xx 000 0 und d | ||
| 082 | |a 330.951 | ||
| 082 | |b W959 | ||
| 100 | |a Wu, Yuan-Li | ||
| 245 | 4 | |a The Economiy of Communist China | |
| 245 | 0 | |c Yuan-Li Wu | |
| 260 | |a London | ||
| 260 | |b Pall Mall Press | ||
| 260 | |c 1965 | ||
| 650 | |a China economic conditions | ||
| 904 | |i Hiếu | ||
| 980 | |a Trung tâm Học liệu Trường Đại học Cần Thơ | ||